00411pab a2200145 454500008004000000100002800040245007000068260000900138300001400147362000800161650003100169650001600200700001700216773003200233180718b2015 xxu||||| |||| 00| 0 eng d aBuragohain, Tarujyoti,  aStrategy of food security through, stocks and public distribution c2015 ap.93-114. aJul aPublic distribution system aFood supply aSharma, Amit aIndian Journal of Economics